| 000 | 00775nam a2200289Ia 4500 | ||
|---|---|---|---|
| 001 | Para_9336 | ||
| 003 | CHAP | ||
| 008 | 220125s2005 xx 000 0 und d | ||
| 010 | _a207941 | ||
| 040 | _cCHAP | ||
| 082 | _a648.7 R6 | ||
| 100 |
_aRobinson, William H. _9174392 |
||
| 245 |
_aHandbook of urban insects and arachnids / _c by William H. Robinson |
||
| 260 |
_aCambridge : _b Cambridge University Press |
||
| 300 | _a472 p. | ||
| 503 | _aI.234800 (ej.1) | ||
| 650 |
_aArtropodos _97782 |
||
| 650 |
_aControl de plagas _927595 |
||
| 650 |
_aPlagas urbanas _9165272 |
||
| 901 | _a648.7 R6 | ||
| 902 | _aM | ||
| 905 | _a0000002005 a 0000000000 00 | ||
| 910 | _a2005 | ||
| 942 | _cPARA | ||
| 942 |
_cPARA _d1 |
||
| 999 |
_c207941 _d207941 |
||